Countries with embassies and consulates in Turkmenistan - Statistics

General Stats
  • This quiz has been taken 52 times
  • The average score is 27 of 32
Answer Stats
Continent Country % Correct
Europe France
98%
Asia/ Europe Turkey
98%
Europe United Kingdom
98%
Europe Germany
96%
Europe Italy
96%
Asia Pakistan
96%
Asia/ Europe Russia
96%
North America United States of America
96%
Asia India
93%
Asia Kazakhstan
93%
Asia Uzbekistan
93%
Asia Iran
91%
Asia Japan
91%
Asia Tajikistan
91%
Europe Ukraine
91%
Asia Armenia
89%
Asia China
89%
Asia Georgia
89%
Asia Kyrgyzstan
87%
Asia Saudi Arabia
87%
Asia Afghanistan
84%
Asia Azerbaijan
84%
Europe Belarus
84%
Asia United Arab Emirates
84%
Asia Israel
82%
Asia South Korea
80%
Asia Qatar
78%
Europe Romania
69%
Africa Libya
67%
Europe Vatican City
64%
Asia Malaysia
62%
Asia Palestine
38%
No matching quizzes found
Score Distribution
Percent of People with Each Score
Percentile by Number Answered
Your Score History
You have not taken this quiz